00338nam a2200169Ia 4500003000900000008004100009040001300050040001300063041000800076100001600084245001100100260002100111260000900132300000800141490001200149490000700161IT-RoPAU120407s9999 xx 000 0 und d aIT-RoPAU cIT-RoPAU aita aJean Racine aAtalia aEdizioni Paoline c1957 c cm aMaestri v14